000 01494cam a2200361 a 4500
999 _c35487
_d35487
001 15122796
005 20240522164508.0
008 071227s2009 cauab b 001 0 eng
010 _a 2007052287
020 _a9780321524041
020 _a0321524047
035 _a(OCoLC)ocn185095639
035 _a(OCoLC)185095639
_z(OCoLC)176892416
040 _aDLC
_cDLC
_dYDX
_dYDXCP
_dBAKER
_dBTCTA
_dDLC
050 0 0 _aQH430
_b.K574 2009
080 _a575 C-73
245 0 0 _aConcepts of genetics /
_cWilliam S. Klug ; Michael R. Cummings; Charlotte A. Spencer; Michael A. Palladino
250 _a9th ed.
260 _aSan Francisco :
_bPearson Benjamin Cummings,
_cc2009.
300 _axxx, 779, [86] p. :
_bill. (chiefly col.), col. map ;
_c29 cm.
500 _aRev. ed. of: Concepts of genetics / William S. Klug. 8th ed. 2006.
504 _aIncludes bibliographical references (p. A-57 - A66) and index.
650 0 _aGenetics.
_922154
653 _aგენეტიკის ცნებები
700 1 _aKlug, William S.
_tConcepts of genetics.
_922155
700 1 _aCummings, Michael R.
_97411
700 1 _aSpencer, A Charlotte
_922156
700 1 _aPalladio, A. Michael
_922157
856 4 1 _3Table of contents only
_uhttp://www.loc.gov/catdir/toc/ecip087/2007052287.html
906 _a7
_bcbc
_corignew
_d1
_eecip
_f20
_gy-gencatlg
942 _2udc
_cᲬᲘᲒᲜᲘ
955 _ajb10 2007-12-27
_ijb10 2007-12-27
_aaa07 2007-12-27
_aps14 2008-03-06 2 copies rec'd., to CIP ver.